00543nam a2200181 a 45000010010000000030011000100080041000210350026000620820017000881000025001052450033001302600052001636500010002159420012002259520089002379980020003269990015003460000-9149ELIB.Books110520 1961  a(ELIB.Books)0000-9301 a220.92 bFle aFletcher, William C. aUnlikely Saints of the Bible bGrand Rapids: Zondervan Publishing House c1961 aBible 2ddccBK 00102ddc4070aKBTSbKBTSd2011-05-20l0p457r2022-01-22 00:00:00w2022-01-22yBK cbate2011-05-20 c9149d9149